Beverages: technology, chemistry and microbiology (Record no. 13661)
[ view plain ]
| 000 -LEADER | |
|---|---|
| fixed length control field | 00353nam a22001337a 4500 |
| 020 ## - INTERNATIONAL STANDARD BOOK NUMBER | |
| ISBN | 9788184890761 |
| 082 ## - DEWEY DECIMAL CLASSIFICATION NUMBER | |
| Classification number | 664.07 |
| Item number | VAR/BE |
| 100 ## - MAIN ENTRY--AUTHOR NAME | |
| Personal name | Varnam, Alan H |
| 245 ## - TITLE STATEMENT | |
| Title | Beverages: technology, chemistry and microbiology |
| 260 ## - PUBLICATION, DISTRIBUTION, ETC. (IMPRINT) | |
| Place of publication | New Delhi |
| Name of publisher | Springer (India) private limited |
| Year of publication | 2009 |
| 300 ## - PHYSICAL DESCRIPTION | |
| Number of Pages | 464 |
| 700 ## - ADDED ENTRY--PERSONAL NAME | |
| Personal name | Sutherland, Jane P |
| 942 ## - ADDED ENTRY ELEMENTS (KOHA) | |
| Koha item type | Books |
| Withdrawn status | Lost status | Damaged status | Collection code | Home library | Current library | Shelving location | Date acquired | Source of acquisition | Cost, normal purchase price | Full call number | Accession Number | Koha item type |
|---|---|---|---|---|---|---|---|---|---|---|---|---|
| Non-fiction | KAUAET | KAUAET | General Stacks | 31/03/2012 | Universal Research Books, Thrissur | 995.00 | 664.07 VAR/BE | 22586 | Books |
